GETS Theological Seminary Library

The transforming power of prayer: (Record no. 2438)

MARC details
000 -LEADER
fixed length control field 00510nam a2200169Ia 4500
008 - FIXED-LENGTH DATA ELEMENTS--GENERAL INFORMATION
fixed length control field 200812s9999 xx 000 0 und d
020 ## - INTERNATIONAL STANDARD BOOK NUMBER
International Standard Book Number 0891099379
020 ## - INTERNATIONAL STANDARD BOOK NUMBER
International Standard Book Number 9780891099376
041 ## - LANGUAGE CODE
Language code of text/sound track or separate title eng
050 ## - LIBRARY OF CONGRESS CALL NUMBER
Classification number BV210.2 
Item number .H665 1996
100 ## - MAIN ENTRY--PERSONAL NAME
Personal name Houston, J. M.
245 ## - TITLE STATEMENT
Title The transforming power of prayer:
Remainder of title deepening your friendship with God /
Statement of responsibility, etc. J. M. Houston
260 ## - PUBLICATION, DISTRIBUTION, ETC.
Place of publication, distribution, etc. Colorado Springs, Colo. :
Name of publisher, distributor, etc. NavPress,
Date of publication, distribution, etc. 1996
300 ## - PHYSICAL DESCRIPTION
Extent 313 p.
Other physical details ;
Dimensions 21 cm.
650 ## - SUBJECT ADDED ENTRY--TOPICAL TERM
Topical term or geographic name entry element Prayer -- Christianity.
Holdings
Withdrawn status Lost status Damaged status Not for loan Home library Current library Shelving location Date acquired Total Checkouts Full call number Barcode Date last seen Price effective from Koha item type
        GETS Theological Seminary Library GETS Theological Seminary Library General Stacks 08/12/2020   BV210.2 .H665 1996 00001314 08/12/2020 08/12/2020 English Books
OpacCredits

Contact the Librarian, GETS Library
Email: library@mygets.org









Implemented by GETS Library
(Powered by ETCA Professional Group)
GETS Theological Seminary
412 E. Rowland Street, CA 91723